00521nam a2200181Ia 4500008004100000020001500041082001600056100001400072245003800086250000600124260003400130300001700164500002400181650001400205942000700219952009600226999001700322230524s9999 xx 000 0 und d a8188114073 a658.43bGUP aK.M.Gupta 0aMaterials Science and Engineering a2 aNew DelhibUmesh Publi.c2006 a"XXIV,694p:" aQuantity Number: 1 aChemistry cBK 00104070aTATCLbTATCLcGENd2023-05-24l0o658.43 GUPp53916r2023-05-24w2023-05-24yBK c56489d56489